DISEÑO DE CONCRETO ESTRUCTURAL LIVIANO UTILIZANDO ADITIVO INCLUSOR DE AIRE Y AGREGADOS DEL BANCO DE MATERIALES “LA ISLA” UBICADO EN EL MUNICIPIO DE SANTA CRUZ ALTA VERAPAZ PARA SU USO EN ELEMENTOS ESTRUCTURALES CON BAJA DENSIDAD./ (Registro nro. 2027)

Detalles MARC
000 -LEADER
campo de control de longitud fija 03130nam a22003377a 4500
001 - NÚMERO DE CONTROL
campo de control TIC 0046
003 - IDENTIFICADOR DE NÚMERO DE CONTROL
campo de control gtcocun
005 - FECHA Y HORA DE LA ÚLTIMA TRANSACCIÓN
campo de control 20250922151027.0
006 - CÓDIGOS DE INFORMACIÓN DE LONGITUD FIJA--CARACTERÍSTICAS DEL MATERIAL ADICIONAL
campo de control de longitud fija a||||gr|||| 00| 0
007 - CAMPO FIJO DE DESCRIPCIÓN FÍSICA--INFORMACIÓN GENERAL
campo de control de longitud fija ta
008 - DATOS DE LONGITUD FIJA--INFORMACIÓN GENERAL
campo de control de longitud fija 250922b2024 gt ||||| m||| 00| 0 eng d
040 ## - FUENTE DE CATALOGACIÓN
Centro catalogador/agencia de origen gtcocun
Lengua de catalogación SPA
Centro/agencia transcriptor gtcocun
Normas de descripción RDA
041 ## - CÓDIGO DE IDIOMA
Código de lengua del texto/banda sonora o título independiente SPA TIC 0046
084 ## - OTRO NÚMERO DE CLASIFICACIÓN
Número de control del registro de autoridad o número normalizado TIC 0046
100 ## - ENTRADA PRINCIPAL--NOMBRE DE PERSONA
Nombre de persona Chen Jerónimo, Jacqueline Lisbeth
Término indicativo de función/relación Autor
245 ## - MENCIÓN DEL TÍTULO
Título DISEÑO DE CONCRETO ESTRUCTURAL LIVIANO UTILIZANDO ADITIVO INCLUSOR DE AIRE Y AGREGADOS DEL BANCO DE MATERIALES “LA ISLA” UBICADO EN EL MUNICIPIO DE SANTA CRUZ ALTA VERAPAZ PARA SU USO EN ELEMENTOS ESTRUCTURALES CON BAJA DENSIDAD./
Mención de responsabilidad, etc. Jacqueline Lisbeth Chen Jerónimo.
Medio Impreso
264 ## - PRODUCCIÓN, PUBLICACIÓN, DISTRIBUCIÓN, FABRICACIÓN Y COPYRIGHT
Producción, publicación, distribución, fabricación y copyright Cobán, Alta Verapaz:
Nombre del de productor, editor, distribuidor, fabricante Universidad de San Carlos de Guatemala, Centro Universitario del Norte, Ingeniería Civil
Fecha de producción, publicación, distribución, fabricación o copyright 2024
300 ## - DESCRIPCIÓN FÍSICA
Extensión 99 p.:
Otras características físicas Ilustraciones, gráficas.
Dimensiones 28 cm;
300 ## - DESCRIPCIÓN FÍSICA
Dimensiones PDF
336 ## - TIPO DE CONTENIDO
Fuente rdacontenido
Término de tipo de contenido Texto
Código de tipo de contenido txt
337 ## - TIPO DE MEDIO
Fuente rdamedio
Nombre/término del tipo de medio Computadora
Código del tipo de medio n
338 ## - TIPO DE SOPORTE
Fuente rdasoporte
Nombre/término del tipo de soporte Código en línea
Código del tipo de soporte cr
502 ## - NOTA DE TESIS
identificador de la tesis TIC 0046
502 ## - NOTA DE TESIS
Nota de tesis Tesis de grado
Tipo de título Ingeniería Civil,
Nombre de la institución que otorga el título Universidad de San Carlos de Guatemala, Centro Universitario del Norte, Ingeniería Civil
Año de obtención del título 2024
Identificador de la tesis TIC 0046
520 14 - RESUMEN, ETC.
Sumario, etc. En la región de Alta Verapaz, existen bancos de materiales que satisfacen las necesidades de la construcción local; sin embargo, estos agregados carecen de ensayos que certifican su calidad, por lo tanto, para esta investigación se realizan ensayos granulométricos del banco de materiales "La Isla" ubicado en caserío Panahá, municipio de Santa Cruz Alta<br/>Verapaz, para analizar las características, realizar los diseños de mezclas adecuados y crear un concreto que cuente con resistencia y ligereza.<br/><br/>Para el diseño de la mezcla, se siguieron las normas establecidas del ACI 211.2-98 y ACI<br/>213-03, de dónde se establecen los parámetros adecuados para el concreto estructural liviano. De acuerdo con el módulo de finura de las partículas de los agregados se establece la cantidad de aire atrapado y la fluidez del concreto. Se utilizaron tres diseños con diferente<br/>porcentaje de aditivo incorporador de aire para conocer el porcentaje adecuado en el que el concreto sea manejable, para obtener un bajo peso sin perder resistencia.<br/><br/>La elección de las proporciones de cada material depende de la capacidad de absorción y el peso volumétrico de los agregados. Se realizaron ajustes y variaciones en el diseño para encontrar la proporción adecuada que alcanzara la resistencia y baja densidad. Se aplican<br/>los requerimientos de las normas ACI, ASTM, NTG y AASHTO, para obtener una base sólida para producir concreto estructural liviano que alcanzara una resistencia de 4,000 psi.
650 ## - PUNTO DE ACCESO ADICIONAL DE MATERIA--TÉRMINO DE MATERIA
Fuente del encabezamiento o término LEMB
Término de materia o nombre geográfico como elemento de entrada Santa Cruz Verapaz, Alta Verapaz.
Subdivisión general Ingeniería
-- Agregados
-- Concreto
-- Resistencia
-- Ligereza
-- Estructural
700 ## - ENTRADA AGREGADA--NOMBRE PERSONAL
Nombre de persona Ing. Jorge Haroldo Dubón Xitumul
Término indicativo de función/relación Asesor
856 ## - LOCALIZACIÓN Y ACCESO ELECTRÓNICOS
Identificador Uniforme de Recurso <a href="https://drive.google.com/file/d/1ih8OoEWMEAVuPPPmrKckZ5Y1myDn8Eml/view">https://drive.google.com/file/d/1ih8OoEWMEAVuPPPmrKckZ5Y1myDn8Eml/view</a>
Texto de enlace PDF
Nota pública Un ejemplar en línea.
942 ## - ELEMENTOS DE ENTRADA SECUNDARIOS (KOHA)
Fuente de la clasificación o esquema de estantería Clasificación Decimal Dewey
Tipo de ítem Koha TESIS
Parte de la signatura que identifica el ejemplar (Parte del ítem) TIC 0046
Prefijo de la signatura Clasificación
Suprimir en OPAC No
-- TIC_0046_000000000000000
Existencias
Estatus retirado Estado de pérdida Fuente de la clasificación o esquema de estantería Estado de daño No para préstamo Colección Biblioteca de origen Biblioteca actual Ubicación en estantería Fecha de adquisición Número de inventario Total de préstamos Signatura topográfica completa Código de barras Visto por última vez Precio de reemplazo Tipo de ítem Koha
    Clasificación Decimal Dewey     tesis BIBLIOTECA- CUNOR -JOSÉ LUIS GONZALES ROSALES BIBLIOTECA- CUNOR -JOSÉ LUIS GONZALES ROSALES Colección tesis 16/09/2025 TIC 0046   TIC 0046 TIC 0046 16/09/2025 16/09/2025 TESIS